00392nam a2200121Ia 4500008004100000041000800041082002000049100003800069245008700107260004900194300002100243440000600264221007s9999 xx 000 0 und d aeng a658.312 44bANI aAnita Frantz & Dr. Ashutosh Misal 2aA Study Of Generic Skills Of Human Resources In Selected Hospitality Organizations c2019bSavitribai Phule Pune UniversityaPune a212pcHard Bound v1